00397nam a22001457a 450000500170000000800410001702200130005804100150007108200120008610000150009824500480011326000400016130000250020165000250022620241024135010.0241024b |||||||| |||| 00| 0 eng d a02577747 aAfrikaans  a349 TYD lAfrikaans  aTydskirf vir die Suid-Afrikaanse Reg 1998-1 aKaapstad: bJuta en Kie Bpk, c1988 b159 pages; c26 cm.  aLegal practice bLaw